I Xornadas de estudo sobor do tema Recursos Básicos da Agricultura Galega (Record no. 12313)

MARC details
000 -LEADER
campo de control de longitud fija 01488nam a2200337 4500
001 - NÚMERO DE CONTROL
campo de control 12313
003 - IDENTIFICADOR DE NÚMERO DE CONTROL
campo de control ES-MaACL
005 - FECHA Y HORA DE LA ÚLTIMA TRANSACCIÓN
campo de control 20251220171058.0
007 - CAMPO FIJO DE DESCRIPCIÓN FÍSICA--INFORMACIÓN GENERAL
campo de control de longitud fija t|
008 - DATOS DE LONGITUD FIJA--INFORMACIÓN GENERAL
campo de control de longitud fija 000000s1983 sp d ||||0| spa j
016 7# - NÚMERO DE CONTROL DE UNA AGENCIA BIBLIOGRÁFICA NACIONAL
Número de control cancelado/no válido IBH8405800634
020 ## - NÚMERO INTERNACIONAL ESTÁNDAR DEL LIBRO
Número Internacional Estándar del Libro 84-7492-194-5
040 ## - FUENTE DE CATALOGACIÓN
Centro catalogador/agencia de origen IBH
Lengua de catalogación spa
Centro/agencia transcriptor M-BN-DP
080 ## - NÚMERO DE LA CLASIFICACIÓN DECIMAL UNIVERSAL
Número de la Clasificación Decimal Universal 339.5:63(461.1)]:061.3(46)"1983"
080 ## - NÚMERO DE LA CLASIFICACIÓN DECIMAL UNIVERSAL
Número de la Clasificación Decimal Universal 63(461.1)
111 2# - ENTRADA PRINCIPAL--NOMBRE DE CONGRESO/REUNIÓN
Nombre de congreso/reunión o jurisdicción como elemento de entrada Xornadas de Estudo sobor dos Recursos Básicos da Agricultura Galega (
Número del congreso/reunión o número de parte o sección 1º.
Fecha del congreso o de la firma del tratado 1983.
Sede del congreso/Lugar de la reunión Sada (La Coruña)
9 (RLIN) 1127
245 10 - MENCIÓN DEL TÍTULO
Título I Xornadas de estudo sobor do tema Recursos Básicos da Agricultura Galega
Resto del título : celebradas no Castro, Sada (A Coruña) os dias 11 e 12 de febreiro de 1983, e organizadas pola Area de Ciencias Agrarias do Seminario de Estudos Galegos.
260 ## - PUBLICACIÓN, DISTRIBUCIÓN, ETC.
Lugar de publicación, distribución, etc. Sada, A Coruña :
Nombre del editor, distribuidor, etc. Ediciós do Castro,
Fecha de publicación, distribución, etc. 1983.
300 ## - DESCRIPCIÓN FÍSICA
Extensión 612 p :
Otras características físicas gráf ;
Dimensiones 24 cm.
490 1# - MENCIÓN DE SERIE
Mención de serie Publicacións do Seminario de Estudos Galegos
490 1# - MENCIÓN DE SERIE
Mención de serie Cuadernos da Area de Ciencias Agrarias ;
Designación de volumen o secuencia 4
500 ## - NOTA GENERAL
Nota general Indice.
650 14 - PUNTO DE ACCESO ADICIONAL DE MATERIA--TÉRMINO DE MATERIA
Término de materia o nombre geográfico como elemento de entrada Recursos naturales-
Subdivisión de forma Congresos y asambleas.
9 (RLIN) 16702
650 14 - PUNTO DE ACCESO ADICIONAL DE MATERIA--TÉRMINO DE MATERIA
Término de materia o nombre geográfico como elemento de entrada Agricultura-
Subdivisión geográfica Galicia-
Subdivisión de forma Congresos y asambleas.
9 (RLIN) 9685
710 2# - ENTRADA AGREGADA--NOMBRE DE ENTIDAD CORPORATIVA
Nombre de entidad corporativa o nombre de jurisdicción como elemento de entrada Seminario de Estudos Galegos.
Unidad subordinada Area de Ciencias Agrarias.
9 (RLIN) 6553
740 0# - ENTRADA AGREGADA--TÍTULO RELACIONADO/ANALÍTICO NO CONTROLADO
Título relacionado o analítico no controlado Recursos básicos da agricultura galega.
830 0# - PUNTO DE ACCESO ADICIONAL DE SERIE-TÍTULO UNIFORME
Título uniforme Publicacións do Seminario de Estudos Galegos
9 (RLIN) 228280
830 00 - PUNTO DE ACCESO ADICIONAL DE SERIE-TÍTULO UNIFORME
Título uniforme Cuadernos da Area de Ciencias Agrarias
Designación de volumen o secuencia 4
9 (RLIN) 228279
852 ## - LOCALIZACIÓN
Ubicación ES-MaACL
Número de control de estantería L-19654
Sublocalización o colección R.122737
Holdings
Estatus retirado Estado de pérdida Estado de daño No para préstamo Biblioteca de origen Biblioteca actual Ubicación en estantería Fecha de adquisición Fuente de adquisición Total de préstamos Signatura topográfica completa Código de barras Visto por última vez Precio de reemplazo Tipo de ítem Koha
        Biblioteca del Ateneo de Madrid Biblioteca del Ateneo de Madrid Depósito 2 17/01/2008     L-19654 1012548 23/02/2023 23/02/2023 Libro impreso